Non-linear elliptic equations in conformal geometry

Αποθηκεύτηκε σε:
Λεπτομέρειες βιβλιογραφικής εγγραφής
Κύριος συγγραφέας: Chang, Sun-Yung A. 1948-
Μορφή: Βιβλίο
Γλώσσα:English
Δημοσίευση: Zurich : European Mathematical Society, c2004
Σειρά:Zurich lectures in advanced mathematics
Θέματα:
Ετικέτες: Προσθήκη ετικέτας
Δεν υπάρχουν, Καταχωρήστε ετικέτα πρώτοι!

MARC

LEADER 00000nam a2200000 i 4500
001 1/100409
008 090128s2004 eng d
020 |a 3-03719-006-X 
035 |l 10102847 
040 |a GR-MY-UA  |b gre  |e aacr 
041 0 |a eng 
082 0 |a 515.353  |2 (22) 
100 1 |a Chang, Sun-Yung A.  |d 1948- 
245 1 0 |a Non-linear elliptic equations in conformal geometry /  |c Sun-Yung Alice Chang 
260 |a Zurich :   |b European Mathematical Society,   |c c2004 
300 |a viii, 92 σ.;  |c 24 εκ. 
490 1 |a Zurich lectures in advanced mathematics 
504 |a Βιβλιογραφία: σ.[87]-92. 
650 0 0 |a Differential equations, Elliptic. 
650 0 0 |a Differential equations, Nonlinear. 
650 0 0 |a Topological manifolds. 
650 0 0 |a Elliptic operators. 
830 0 |a Zurich lectures in advanced mathematics 
852 |a INST  |b SAMOS  |e 20090128  |h 515.353 CHA  |p 005300029467  |q 005300029467  |t BK  |y 0 
901 |a BIBL3-2009-1 
909 |a Σ  |b 155506 
922 |a 3ΕΛΗ  |b 200808  |c ΕΠΕΑΕΚ-2/ΤΜΗΜΑ ΜΑΘΗΜΑΤΙΚΩΝ-ΠΡΟΠΤΥΧΙΑΚΟ  |d ΜΙΧΑΛΟΠΟΥΛΟΣ 
970 |a ΚΟΣΙΕΡΗΣ  |b ΧΡΗΣΤΟΣ  |z 2009/01/28